Els Municipis de Catalunya / Marc-Aureli Vila
Descripción Física:
112 p., [17] f., [2] maps. pleg. ; 21'5 cm
Colección:
Col·lecció Població i Territori ; 2
Materias:
Municipis -- Catalunya
MARC
| LEADER | 00000nam a2200000Ia 4500 | ||
|---|---|---|---|
| 001 | 1062 | ||
| 008 | 160829s1983 xx 000 0 cat d | ||
| 080 | |a H-2-3 | ||
| 100 | |a Vila, Marc-Aureli |9 25625 | ||
| 245 | |a Els Municipis de Catalunya / Marc-Aureli Vila | ||
| 250 | |a 2a ed., act. | ||
| 260 | |a Barcelona : |b Servei Central de Publicacions de la Generalitat de Catalunya, |c 1983 | ||
| 300 | |a 112 p., [17] f., [2] maps. pleg. ; |c 21'5 cm | ||
| 490 | |a Col·lecció Població i Territori ; 2 | ||
| 590 | |a Abans del títol: Generalitat de Catalunya. Departament de Presidència i Departament de Governació | ||
| 650 | 0 | |a Municipis |z Catalunya |9 10549 | |
| 710 | |a Catalunya. |b Departament de Governació |9 16938 | ||
| 710 | |a Catalunya. |b Departament de la Presidència |9 10777 | ||
| 901 | |a Arxiu | ||
| 942 | |n 1 | ||
| 952 | |0 0 |1 0 |4 0 |6 H23 |7 1 |9 48217 |a Arxiu |b Arxiu |d 2016-12-01 |l 0 |o H-2-3 |p 1062 |r 2016-12-01 00:00:00 |w 2016-12-01 |y ARXIU | ||
| 999 | |c 52023 |d 52023 | ||